Computational fluid dynamics (Record no. 2125)

000 -LEADER
fixed length control field 00621nam a2200217 a 4500
001 - CONTROL NUMBER
control field 2125
003 - CONTROL NUMBER IDENTIFIER
control field BD-DhUET
008 - FIXED-LENGTH DATA ELEMENTS--GENERAL INFORMATION
fixed length control field 940517s1995 nyua b 001 0 eng
020 ## - INTERNATIONAL STANDARD BOOK NUMBER
International Standard Book Number 0071132104
040 ## - CATALOGING SOURCE
Original cataloging agency DLC
Transcribing agency DLC
Modifying agency BD-DhUET
082 00 - DEWEY DECIMAL CLASSIFICATION NUMBER
Classification number 532.050285
Item number AND/1995
100 ## - MAIN ENTRY--PERSONAL NAME
Personal name Anderson, John D.
245 10 - TITLE STATEMENT
Title Computational fluid dynamics
Remainder of title the basics with applications
250 ## - EDITION STATEMENT
Edition statement 1st ed.
260 ## - PUBLICATION, DISTRIBUTION, ETC. (IMPRINT)
Place of publication, distribution, etc. New York
Name of publisher, distributor, etc. McGraw-Hill
Date of publication, distribution, etc. 1995
300 ## - PHYSICAL DESCRIPTION
Extent xxiv, 547 p.
490 1# - SERIES STATEMENT
Series statement McGraw-Hill series in mechanical engineering
504 ## - BIBLIOGRAPHY, ETC. NOTE
Bibliography, etc Includes bibliographies
650 #0 - SUBJECT ADDED ENTRY--TOPICAL TERM
Topical term or geographic name as entry element Fluid dynamics-Data processing
942 ## - ADDED ENTRY ELEMENTS (KOHA)
Koha item type General Book
Holdings
Shelving location Damaged status Price effective from Piece designation (barcode) Koha out on loan Lost status Location (home branch) Koha item type Koha normalized classification for sorting Koha date last borrowed Sublocation or collection (holding branch) Copy number Source of classification or shelving scheme Koha issues (times borrowed) Date acquired Withdrawn status Koha full call number Not for loan Koha date last seen
Circulation section 2014-09-201033572019-02-28 Central Library, BUETGeneral Book532_000000000000000_050285AND12018-02-28Central Library, BUET1 12014-09-20 532.050285/AND/1995 2018-02-28
Circulation section 2014-09-20103359  Central Library, BUETGeneral Book532_000000000000000_050285AND12023-08-12Central Library, BUET2 32014-09-20 532.050285/AND/1995 2023-08-26
Circulation section 2015-02-04103361  Central Library, BUETGeneral Book532_050285000000000_AND_19952015-03-23Central Library, BUET3 62015-02-04 532.050285/AND/1995 2015-07-29
Reading section 2015-06-0895199  Central Library, BUETReading Item532_050285000000000_AND_1995 Central Library, BUET4  2015-06-08 532.050285/AND/1995 2015-06-08
Circulation section 2016-09-251145922020-06-15 Central Library, BUETGeneral Book532_050285000000000_AND_19952019-06-16Central Library, BUET5 12016-09-25 532.050285/AND/1995 2019-06-16
Circulation section 2016-09-25114593  Central Library, BUETGeneral Book532_050285000000000_AND_1995 Central Library, BUET2  2016-09-25 532.050285/AND/1995 2016-09-25
Circulation section 2017-10-31103360  Central Library, BUETGeneral Book532_050285000000000_AND_1995 Central Library, BUET6  2007-05-07 532.050285/AND/1995 2017-10-31